Missing Word: 'A' in Every Category Quiz Stats

 Plays Quiz Updated Oct 3, 2016

Challenge
Share
Tweet
Embed
Score 0/15 Timer 02:00
0 Plays Today
Hint Missing Word % Correct
Noah's _____Ark
96%
_____ Saint's DayAll
94.8%
Whose Line Is It _____ ?Anyway
94.8%
_____ Graham BellAlexander
93.4%
_____ AgassiAndre
92.7%
_____ Acrobat ReaderAdobe
83.1%
_____-gardeAvant
82.5%
Dog Day _____Afternoon
77.5%
Hint Missing Word % Correct
_____ E. NeumanAlfred
57%
Do _____ Dream of Electric Sheep?Androids
45.3%
Corazon _____Aquino
44%
Game Boy _____Advance
40.2%
_____ Vandelay - BadgeArt
35.4%
_____ for the PeopleAutomatic
18.4%
_____ Heiberg IslandAxel
5.7%

Today's Daily Dose

Missing Word
TV HA - HZ

Word Ladder
Nordic Capital

On This Day
January 19th II

You're not logged in!

Compare scores with friends on all Sporcle quizzes.
OR
Log In

You Might Also Like...

Show Comments

Extras

Top Quizzes Today


Score Distribution

Your Account Isn't Verified!

In order to create a playlist on Sporcle, you need to verify the email address you used during registration. Go to your Sporcle Settings to finish the process.

Report this User

Report this user for behavior that violates our Community Guidelines.

Details: